| 000 | 01174nam a2200277Ii 4500 | ||
|---|---|---|---|
| 003 | JO-AjNU | ||
| 005 | 20240529110753.0 | ||
| 008 | 230605s9999||||xx |||||||||||||| ||und|| | ||
| 017 | _a2011/7/2719 | ||
| 020 | _a978-9957-07-957-4 | ||
| 040 |
_aJO-AjNU _bara _erda _cJO-AjNU |
||
| 041 | _aara | ||
| 050 | 1 | 4 | _aQ180.A1.U2234 2020 |
| 245 | 0 | 0 |
_aالبحث العلمي: مفهومه واداواته واساليبه=SCIENTIFIC RESEARCH / _cتأليف ذوقات عبيدات ؛كايد عبد الحق، عبد الرحمن عدس ،مؤلف مشارك |
| 250 | _aالطبعة التاسعة عشر | ||
| 260 |
_aعمان : _bدار الفكر للنشر والتوزيع، _c2020 |
||
| 264 | 3 | 1 | _aعمان: دار الفكر ناشرون وموزعون، 2020 |
| 300 |
_a312ص _b ويحتوي على قائمة مراجع من ص309ص- 312ص |
||
| 336 |
_atext _btxt _2rdacontent |
||
| 337 |
_aunmediated _bn _2rdamedia |
||
| 338 |
_avolume _bnc _2rdacarrier |
||
| 650 | 4 |
_aالبحث العلمي _960621 |
|
| 700 |
_aعبد الحق، كايد _965429 _eمؤلف مشارك |
||
| 700 |
_aعبد الحق، كايد _965432 _eمؤلف مشارك |
||
| 942 |
_2lcc _cBK |
||
| 999 |
_c30914 _d30914 |
||